000
00308nam a2200121Ia 4500
008
191201s2015 xx 000 0 und d
100
_a
GAHLOT, P S
245
0
_a
Construction Planning and Management
260
_c
2015
_b
New Age International
_a
New Delhi
300
_a
163
650
_a
CIVIL
942
_2
ddc
_c
BB
999
_c
7675
_d
7675